000 00574nam a2200181Ia 4500
008 220216s9999 xx 000 0 und d
100 _aYunyongwattanakorn Jintana
245 0 _aHighly-purified natural rubber by saponification of latex: Analysis of residual proteins in saponified natural rubber
260 _bRubber Chemistry and Technology
_c2008
300 _a121-137
500 _aSource Year: 2008
650 _aLatex
650 _aProteins
700 _aSakdapipanich Jitladda
700 _aTanaka Yasuyuki
700 _aWongsasutthikul Voratep
942 _cJS
999 _c60432
_d60432